000 01025nam0a22002771 4500
001 rc\4442205
005 20250611174004.0
035 _a(NLR Aleph) 008315864
090 _a8726482
_c8726482
100 _a20130416d1965 |||y0rusy50 ca
101 0 _arus
102 _aRU
105 _ay ac |||||
200 1 _aИмпульсная сварка
_eБиблиогр. указатель
_fЦентр. науч.-техн. б-ка. Информ.-библиогр. отд.
210 _aСвердловск
_cБ. и.
_d1965
215 _a[1], 2 с.
_d20
300 _aВ конце текста сост.: библиографы С.Н. Петров, А.С. Корюкова
300 _aОтпеч. множит. аппаратом
702 1 _4220
_7ca
_8rus
_aПетров
_bС. Н.
_cбиблиограф
_9259811
_3RU\NLR\AUTH\770259867
702 1 _aКорюкова
_bА.С.
_4220
801 0 _aRU
_bNLR
_gpsbo
801 1 _aRU
_bELAR
_2rusmarc
852 _aNLR
_jС337-410/И-54
942 _cBOOK
980 _aNB